000 01046nam a22003137a 4500
003 CHAP
005 20220817042755.0
008 971013s1973 r 00010 d
010 _a55123
011 _a56095
035 _a60248
040 _cCHAP
082 _a080
_bS4 v.68
100 0 0 _aSilva Herzog, Jesús.
_9106007
245 _aTrayectoria ideológica de la revolución mexicana, 1910-1917, y otros ensayos
260 _aMéxico, D. F. :
_bSecretaría de Educación Pública,
_c1973
300 _a211 p.
490 _aSEP/Setentas
_v; 68
590 _aBATCH-UPD
_b10
_c20130110
_lUCH01
_h1610
590 _aBATCH-UPD
_b10
_c20130410
_lUCH01
_h1005
590 _aBATCH-UPD
_b10
_c20130914
_lUCH01
_h1827
590 _aCONVERSION
_b10
_c20130109
_lUCH01
_h1330
650 1 4 _aMéxico
_xHistoria
_xRevolución.
_976768
830 0 _aSEP. Setentas
_v; 68
901 _aBK
942 _cLIBRO
949 _a080 S4 v.68
_bBC
_cLIBRO
_d-129926
_eLIBRO
_h29076
_i60248
_si
949 _a080 S4 v.68
_bBC
_cLIBRO
_d33724000317418
_eLIBRO
_fc.2
_h69975
_i60248
_si
999 _c55123
_d55123